000 00801nam a22002057a 4500
005 20100813160935.0
010 _aENG-100250
020 _a9789380060149
_c175.00
035 _aEN-83782
037 _bDBAD/PUB
082 _a006.6
100 _aMahamuni, K.
_912920
245 _aComputer graphics :
_bfor under graduate and post graduate computer science students of Indian universities /
_cby K. Mahamuni
260 _aSalem
_bM.S.K. Publications
_c2009
270 _a3/189-E, Athanoor Amman Kovil St., Masinayaganpatti
_bSalem
_e636103
300 _a123p.
_c21cm (pbk)
500 _aIncludes references
942 _2ddc
_cEN
_h006.6
_mMAH
999 _c41733
_d41733